LEADER 00821nam0 2200253 450 001 000012401 005 20080606092058.0 010 $a0815709986 100 $a20080606d1974----km-y0itay50------ba 101 0 $aeng 102 $aUS 105 $ay-------001yy 200 1 $a<>economics of public finance$eessays$fby Alan S. Blinder ... [et al.] 210 $aWashington$cBrookings institution$dc1974 215 $aXVI, 435 p.$cgraf.$d24 cm 225 2 $aStudies of government finance 410 0$12001$aStudies of government finance 676 $a336.73$v19$9Finanza pubblica. Stati Uniti d'America 702 1$aBlinder,$bAlan S. 801 0$aIT$bUNIPARTHENOPE$c20080606$gRICA$2UNIMARC 912 $a000012401 951 $a322/64$b4449$cNAVA2 996 $aEconomics of public finance$9854042 997 $aUNIPARTHENOPE LEADER 00856nam0 2200265 450 001 000018956 005 20081106142334.0 100 $a20081106d1941----km-y0itay50------ba 101 0 $aita 102 $aIT 105 $ay-------001yy 200 1 $aCome i Romani computavano le ore$fPaolo Vocca 210 $aBologna$cS.A. Poligrafici Il resto del Carlino$d1941 215 $a3 p.$d25 cm 300 $aEstratto dal periodico mensile "Coelum", vol. XI, n. 8, 1941 482 0$1001000018829 500 10$aCome i Romani computavano le ore$932769 610 1 $aMisura del tempo$aStoria 676 $a529.7$v20$9Cronometria 700 1$aVocca,$bPaolo$079844 801 0$aIT$bUNIPARTHENOPE$c20081106$gRICA$2UNIMARC 912 $a000018956 951 $aG 520.2/3 (15)$bG 65$cDSA$d2008 996 $aCome i Romani computavano le ore$932769 997 $aUNIPARTHENOPE